Výskum vplyvu konštrukčných parametrov na výslednú kvalitu výliskov

Guardado en:
Detalles Bibliográficos
Autor principal: Kováč, Peter, 1984- (Autor)
Otros Autores: Križan, Peter, 1980- (Orientador)
Formato: Manuscrito Libro
Lenguaje:eslovaco
Publicado: Bratislava : STU v Bratislave SjF, 2010
Materias:
Acceso en línea:VAIS
Etiquetas: Agregar Etiqueta
Sin Etiquetas, Sea el primero en etiquetar este registro!

MARC

LEADER 00000ntm a22000003a 4500
001 stu218707
005 20150617230112.9
008 101207s2010----xo------------------slo-d
040 |a STU  |b slo 
041 0 |a slo 
044 |a xo 
100 1 |a Kováč, Peter,  |d 1984-  |4 aut  |u J0030  |U SjF Strojnícka fakulta  |T SjF Ústav dopravnej techniky a konštruovania  |X 26779  |U J0030  |Y 806  |7 A000026779 
242 0 0 |a Research of the influence of the compacting machine’s constructional parameters on the quality of briquette  |y eng 
245 1 |a Výskum vplyvu konštrukčných parametrov na výslednú kvalitu výliskov 
260 |a Bratislava :  |b STU v Bratislave SjF,  |c 2010 
650 7 |a strojárske technológie a materiály  |2 stusub 
650 7 |a Production Processes and Materials  |2 estusub 
650 7 |a zhutňovanie  |2 stusub 
650 7 |a hustota výlisku  |2 stusub 
650 7 |a compacting  |2 estusub 
650 7 |a compacting pressure  |2 estusub 
700 1 |a Križan, Peter,  |d 1980-  |4 ths  |u J0070  |U SjF Strojnícka fakulta  |T SjF Ústav výrobných systémov, enviromentálnej techniky a manažment kvality  |X 38318  |U J0070  |Y 804  |7 A000038318 
856 4 |a info a plný text  |u http://is.stuba.sk/zp/portal_zp.pl?podrobnosti=74483  |3 VAIS 
996 |b 284J039083  |c J*951/DP  |l JJSK  |s A  |a 24  |w stu218707_0001